=LDR 00000nam 2200000 4500 =001 INLIS000000000034212 =005 20130612140127 =008 ***********************************ind** =035 ##$$a0010-061300000034212 =041 ##$$a ind =082 ##$$a 530.07 =090 ##$$a 530.07, Sis k =100 ##$$a Siswanto =245 ##$$a Kompetensi fisika, untuk SMA/Ma, Siswanto,Sukaryadi;Editor,Intan Mahanani =260 ##$$a departemen pendidikan nasioanal $b Jakarta =300 ##$$a vii,218 hlm, Ilus, 29 cm =650 ##$$a Fisika - Studi dan Pengajaran =700 ##$$a Sukaryadi =850 ##$$a NBPNMAT =990 ##$$a 90723/BPAP-NTB/2014 =990 ##$$a 0001/BPAP-NTB/20142014